<?xml version="1.0" encoding="UTF-8"?>
<collection xmlns="http://www.loc.gov/MARC21/slim">
  <record>
    <leader>00000nam  2200000   4500</leader>
    <controlfield tag="001">INLIS000000000002095</controlfield>
    <controlfield tag="005">20180724144112</controlfield>
    <controlfield tag="008">180724|||||||||   |   |||   |||| ||   | </controlfield>
    <datafield tag="035" ind1=" " ind2=" ">
      <subfield code="0">010-0718002095</subfield>
    </datafield>
    <datafield tag="041" ind1=" " ind2=" ">
      <subfield code="a">id</subfield>
    </datafield>
    <datafield tag="082" ind1=" " ind2=" ">
      <subfield code="a">R. 013 PIM I 2016</subfield>
    </datafield>
    <datafield tag="090" ind1=" " ind2=" ">
      <subfield code="a">R. 013 PIM I 2016</subfield>
    </datafield>
    <datafield tag="100" ind1=" " ind2=" ">
      <subfield code="a">Triyono, Torik</subfield>
    </datafield>
    <datafield tag="245" ind1=" " ind2=" ">
      <subfield code="a">Membangun Sinergitas Komunitas Intelijen Dalam Penanganan Terorisme (Satu Atap)</subfield>
    </datafield>
    <datafield tag="260" ind1=" " ind2=" ">
      <subfield code="a">Jakarta</subfield>
      <subfield code="b">LAN Jakarta</subfield>
      <subfield code="c">2016</subfield>
    </datafield>
    <datafield tag="300" ind1=" " ind2=" ">
      <subfield code="a">65 hlm;, lamp:, 30 cm</subfield>
    </datafield>
    <datafield tag="500" ind1=" " ind2=" ">
      <subfield code="a">Dari uraian kegiatan pada proyek perubahan ini, dapat disimpulkan bahwa semua elemen apparat intelejen baik di pusat dan di wilayah termasuk objek vital seperti bandara, membutuhkan koordinasi terpadu yang kuat dalam mewujudkan sinergitas intelijen.  Dalam mewujudkan sinergitas komunitas intelejen penanganan tindak pidana terorisme dalam satu atap koordinasi BNPT, usulan proyek perubahan ini mampu menjangkau koordinasi yang jarang dilakukan dan bersifat lemah.  Penguatan lini intelijen dilakukan dalam rangkaian kegiatan proyek perubahan dan sejumlah dukungan dari berbagai instansi dan stakeholder terkait.  Berdasarkan target pencapaian dari proyek perubahan ini yakni terbukanya jalur koordinasi antar aparat intelijen semua stakeholder terkait ancaman terorisme, hal ini berhasil dicapai, sinergitas dalam forum tercipta (outcome), aparat intelijen di kewilayahan juga terus mendukung dengan melakukan upaya pemberian informasi secara rutin dalam forum yang dibangun BNPT.  Terorisme adalah ancaman serius yang mengancam stabilitas dan keamanan nasional yang meminta kewaspadaan nasional dari setiap lini, maka proyek perubahan ini mampu membangun sinergitas tersebut dalam mengantisipasi ancaman dan memprediksi aksi terorisme di Indonesia.</subfield>
    </datafield>
    <datafield tag="650" ind1=" " ind2=" ">
      <subfield code="a">Membangun Sinergitas Komunitas</subfield>
    </datafield>
  </record>
</collection>
